Maticový počet v Exceli a Pythone bakalárska práca

Gespeichert in:
Bibliographische Detailangaben
1. Verfasser: Belányiová, Romana
Körperschaft: Fakulta hospodárskej informatiky EU. Katedra matematiky a aktuárstva
Weitere Verfasser: Šoltésová, Tatiana, 1975-
Format: Buch
Sprache:Slowakisch
Veröffentlicht: Bratislava 2025
Tags: Tag hinzufügen
Keine Tags, Fügen Sie das erste Tag hinzu!

MARC

LEADER 00000nbm a2200000 4500
001 0310697
005 20251124085114.1
041 0 |a slo 
044 |a SK 
245 1 0 |a Maticový počet v Exceli a Pythone  |b bakalárska práca  |c Romana Belányiová ; školiteľ: Tatiana Šoltésová 
264 1 |a Bratislava  |c 2025 
300 |a 45 s. 
100 1 |a Belányiová, Romana 
700 1 |a Šoltésová, Tatiana, 1975- 
710 2 |a Fakulta hospodárskej informatiky EU. Katedra matematiky a aktuárstva